The activated charcoal adsorption of phenol; Методология проектирования молодежного научно-инновационного пространства как основа подготовки современного инженера
| Parent link: | Методология проектирования молодежного научно-инновационного пространства как основа подготовки современного инженера.— 2014.— [С. 225-229] |
|---|---|
| Autore principale: | |
| Enti autori: | , |
| Altri autori: | , , , |
| Riassunto: | Заглавие с экрана The problems of treatment of the waste water were considered in this work. The main method of the activated charcoal adsorption of phenol was investigated. The adsorption properties of the adsorbent were also considered. Along with it Langmuir's and Friendlich's adsorption isotherm has been studied and analyzed. |
| Lingua: | inglese |
| Pubblicazione: |
2014
|
| Serie: | Innovative trends for modernizing engineering in the age of globalization |
| Soggetti: | |
| Accesso online: | http://earchive.tpu.ru/handle/11683/65014 http://www.lib.tpu.ru/fulltext/c/2014/C07/048.pdf |
| Natura: | MixedMaterials Elettronico Capitolo di libro |
| KOHA link: | https://koha.lib.tpu.ru/cgi-bin/koha/opac-detail.pl?biblionumber=607980 |
MARC
| LEADER | 00000naa2a2200000 4500 | ||
|---|---|---|---|
| 001 | 607980 | ||
| 005 | 20260316155556.0 | ||
| 035 | |a (RuTPU)RU\TPU\conf\5396 | ||
| 035 | |a RU\TPU\conf\5395 | ||
| 090 | |a 607980 | ||
| 100 | |a 20140909d2014 k y0rusy50 ba | ||
| 101 | 0 | |a eng | |
| 102 | |a RU | ||
| 135 | |a drgn ---uucaa | ||
| 181 | 0 | |a i | |
| 182 | 0 | |a b | |
| 200 | 1 | |a The activated charcoal adsorption of phenol |f M. E. Kondrashin, K. A. Solovyova, E. A. Tsareva |g Sci. adv. E. V. Mikheeva, U. A. Smirnova | |
| 203 | |a Текст |c электронный | ||
| 215 | |a 1 файл (536 Кб) | ||
| 225 | 1 | |a Innovative trends for modernizing engineering in the age of globalization | |
| 300 | |a Заглавие с экрана | ||
| 320 | |a [Библиогр.: с. 229 (6 назв.)] | ||
| 330 | |a The problems of treatment of the waste water were considered in this work. The main method of the activated charcoal adsorption of phenol was investigated. The adsorption properties of the adsorbent were also considered. Along with it Langmuir's and Friendlich's adsorption isotherm has been studied and analyzed. | ||
| 337 | |a Adobe Reader | ||
| 463 | 1 | |0 (RuTPU)RU\TPU\conf\3581 |t Методология проектирования молодежного научно-инновационного пространства как основа подготовки современного инженера |l Strategy design of youth science and innovation environment for modern engineer training |o сборник научных трудов Международной молодежной научной школы, г. Томск, 2 - 4 апреля 2014 г. |f Национальный исследовательский Томский политехнический университет (ТПУ) ; под ред. В. В. Верхотуровой и др. |v [С. 225-229] |d 2014 | |
| 610 | 1 | |a электронный ресурс | |
| 610 | 1 | |a труды учёных ТПУ | |
| 610 | 1 | |a активированный уголь | |
| 610 | 1 | |a сорбция | |
| 610 | 1 | |a фенолы | |
| 610 | 1 | |a сточные воды | |
| 610 | 1 | |a адсорбенты | |
| 700 | 1 | |a Kondrashin |b M. E. | |
| 701 | 1 | |a Solovyova |b K. A. | |
| 701 | 1 | |a Tsareva |b E. A. | |
| 702 | 1 | |a Mikheeva |b E. V. |c Chemist |c Associate Professor of Tomsk Polytechnic University, Candidate of chemical sciences |f 1973- |g Elena Valentinovna |4 727 | |
| 702 | 1 | |a Smirnova |b U. A. |c linguist |c Senior Lecturer of Tomsk Polytechnic University |f 1975- |g Uliana Aleksandrovna |4 727 | |
| 712 | 0 | 2 | |a Национальный исследовательский Томский политехнический университет (ТПУ) |b Институт природных ресурсов (ИПР) |b Кафедра физической и аналитической химии (ФАХ) |3 (RuTPU)RU\TPU\col\18656 |
| 712 | 0 | 2 | |a Национальный исследовательский Томский политехнический университет (ТПУ) |b Физико-технический институт (ФТИ) |b Кафедра иностранных языков физико-технического института (ИЯФТ) |3 (RuTPU)RU\TPU\col\18736 |
| 801 | 1 | |a RU |b 63413507 |c 20101016 | |
| 801 | 2 | |a RU |b 63413507 |c 20210401 |g RCR | |
| 856 | 4 | |u http://earchive.tpu.ru/handle/11683/65014 | |
| 856 | 4 | |u http://www.lib.tpu.ru/fulltext/c/2014/C07/048.pdf | |
| 942 | |c BK | ||